Posúdenie návrhov na modernizáciu pravidiel DPH – v rámci iniciatívy „DPH v digitálnom veku (ViDA)“ diplomová práca

Uložené v:
Podrobná bibliografia
Hlavný autor: Píro, Maroš, 2000-
Korporativný autor: Fakulta hospodárskej informatiky EU. Katedra účtovníctva a audítorstva
Ďalší autori: Mateášová, Martina, 1979-
Médium: Kniha
Jazyk:Slovak
Vydavateľské údaje: Bratislava 2025
Tagy: Pridať tag
Žiadne tagy, Buďte prvý, kto otaguje tento záznam!

MARC

LEADER 00000nbm a2200000 4500
001 0310586
005 20251208124823.1
041 0 |a slo 
044 |a SK 
245 1 0 |a Posúdenie návrhov na modernizáciu pravidiel DPH – v rámci iniciatívy „DPH v digitálnom veku (ViDA)“  |b diplomová práca  |c Maroš Píro ; školiteľ: Martina Mateášová 
264 1 |a Bratislava  |c 2025 
300 |a 63 s. 
100 1 |a Píro, Maroš, 2000- 
700 1 |a Mateášová, Martina, 1979- 
710 2 |a Fakulta hospodárskej informatiky EU. Katedra účtovníctva a audítorstva